Open Data Biblioteca Nacional de Portugal


República Portuguesa: Ministério da Cultura
Biblioteca Nacional de Portugal

Catálogo da BNP: acesso por Identificadores Unívocos
Registos Bibliográficos associados ao registo de autoridade

Etiqueta de registo: 00254nam 2200025 450
001 2288328
003 http://id.bnportugal.gov.pt/bib/catbnp/2288328
010 ## $a978-989-581-727-6
021 ## $aPT
021 ## $aPT$b558839/26
100 ## $a20260619d2026 m y0pory01030103ba
101 1# $apor
102 ## $aPT
105 ## $aa t 000ay
106 ## $ar
200 1# $a O sétimo homem e outros contos$fHaruki Murakami$gtextos Jean-Christophe Deveney$gil. PMGL$gonomatopeias Misato Morita$gtrad. Maria João Lourenço
205 ## $a1ª ed
210 #9 $aAlfragide$cCasa das Letras,$d2026
215 ## $a412, [12] p.$d24 cm
700 #1 $aMurakami,$bHaruki,$f1949-$31231537
701 #1 $aDeveney,$bJean-Christophe$4070$32001089
701 #0 $aPMGL$4070$32001090
701 #1 $aMorita,$bMisato $4070$32001092
702 #1 $aLourenço,$bMaria João$4730$3110226
801 #0 $aPT$bBN$gRPC
966 ## $lBN$mFGMON$x1
966 ## $lBN$mFGMON$x1
971 ## $cjbeatriz$d20260619

OpendataBNP@bnportugal.pt | Mais informação sobre acesso aos dados BNP